UM Logo
Normal view MARC view
  • Desierto, Ralp James S.

Entry Personal Name

Number of records used in: 1

001 - CONTROL NUMBER

  • control field: 9814

003 - CONTROL NUMBER IDENTIFIER

  • control field: OSt

005 - DATE AND TIME OF LATEST TRANSACTION

  • control field: 20160602160738.0

008 - FIXED-LENGTH DATA ELEMENTS

  • fixed length control field: 160602|| aca||aabn | a|a d

040 ## - CATALOGING SOURCE

  • Original cataloging agency: OSt

100 ## - HEADING--PERSONAL NAME

  • Personal name: Desierto, Ralp James S.